Statistics for Countries with Cities Named San Jose

Click here to take the quiz!

General Stats

  • This quiz has been taken 72 times
  • The average score is 12 of 15

Answer Stats

Official City NameAnswerPopulation% Correct
San JoseUnited States1,030,119
98%
San JoseArgentina44,437
90%
San Jose del CaboMexico93,069
90%
San Jose de La MariquinaChile19,823
88%
San JoseCosta Rica333,288
88%
San Jose de CucutaColombia750,000
87%
San Jose del ValleSpain4,402
87%
San Jose de MayoUruguay36,743
83%
San JoseHonduras9,009
80%
San Jose de DavidPanama144,858
80%
San Jose de los ArroyosParaguay5,544
80%
Puerto San JoseGuatemala20,000
77%
San JoseBolivia2,791
72%
San JoseBelize2,862
60%
San Jose del MontePhilippines574,809
57%

Score Distribution

Percentile by Number Answered

Percent of People with Each Score

Your Score History

You have not taken this quiz